| 000 | 02096nam0a2200361 4500 | ||
|---|---|---|---|
| 001 | RU\NLR\bibl\1107907 | ||
| 005 | 20260405230545.0 | ||
| 020 |
_aRU _b06-25347 _9Летопись авторефератов диссертаций |
||
| 021 |
_aRU _b2006-20994а _9840а |
||
| 035 | _a(NLR Aleph) 001094959 | ||
| 090 |
_a1141957 _c1141957 |
||
| 100 | _a20070404d2006 u u0rusy50 ca | ||
| 101 | 0 | _arus | |
| 102 | _aRU | ||
| 105 | _ay dm ||||| | ||
| 135 | _acrgn 008aaaba | ||
| 200 | 1 |
_aРазвитие учебно-познавательной активности учащихся на уроках русского языка _e(На материале абхазо-адыгской языковой группы) _eавтореф. дис. на соиск. учен. степ. д-ра пед. наук _eспециальность 13.00.02 <Теория и методика обучения и воспитания> _fАмшоков Хасанби Хажбеталович _g[Моск. пед. гос. ун-т] |
|
| 210 |
_aМосква _d2006 |
||
| 215 |
_a33 с. _d21 |
||
| 320 | _aБиблиогр.: с. 30-33 (32 назв.) и в подстроч. примеч. | ||
| 325 | _aКопия доступна в Электрон. б-ке РНБ | ||
| 675 |
_a37.016:811.161.1 _v3 _zrus |
||
| 686 |
_a14 _2rugasnti |
||
| 686 |
_a74.00+74.03+74.04+74.05+74.90 _2rubbk |
||
| 686 |
_a13.00.02 _2oksvnk |
||
| 700 | 1 |
_4070 _7ca _8rus _aАмшоков _bХ. Х. _gХасанби Хажбеталович _987475 _3RU\NLR\auth\77104550 |
|
| 801 | 0 |
_aRU _bRKP _c20070404 _gPSBO |
|
| 801 | 1 |
_aRU _bRKP _c20070404 |
|
| 801 | 2 |
_aRU _bNLR _c20070711 _grcr |
|
| 901 | _eАвторефераты | ||
| 942 | _cBOOK | ||
| 981 | 1 | 0 |
_a(10) Авторефераты _b(10) 13.00.00 Педагогические науки _b13.00.02 Теория и методика обучения и воспитания (по областям и уровням дошкольного и школьного образования) |